00418nmm a2200157Ia 4500008004100000041000800041100002100049245002800070264004400098300001800142490001300160650001200173856005100185942000700236999001700243251105s9999||||xx |||||||||||||||||und|| aspa aWallace, Barbara 0aPor fin... la felicidad a[Madrid, España] :bHarlequin, c2012 a160 páginas aJazmín aRomance uhttps://public.digitaliapublishing.com/a/50200 cCF c99635d99635